000 nam a22 a 4500
999 _c4379
_d4379
005 20170529120011.0
008 170529t2003 -us||||| |||| 00| 0 eng d
020 _a1589062116
040 _aAKMAL
082 _a352.448 CHA
090 _a352.448
_bCHA
245 1 0 _aChanging Customs:
_bChallenges and Strategies for the Reform of Customs Administration /
_ceditor, Michael Keen
260 _aWashington DC :
_bInternational Monetary Fund ,
_c2003.
300 _axiii, 187 pages :
_bill. ;
_c28cm
504 _aIncludes bibliographical references (p. 180-187).
650 1 0 _aCustoms administration
_98484
650 2 0 _aCustoms administration
_xAutomation.
_98539
650 2 0 _aInternational trade.
_93532
700 1 _aKeen, Michael.
_e.editor
_98540
710 2 _aInternational Monetary Fund.
_93622
942 _2ddc
_cBOOK
950 _lAKMAL